The excavations at Dibon (Dhĭbân) in Moab : the third campaign 1952-53 /

محفوظ في:

المؤلف الرئيسي: Tushingham, A. D., 1914-2002 (مؤلف)

التنسيق: كتاب

اللغة: English

منشور في: Cambridge : American Schools of Oriental Research, 1972.

سلاسل: Annual of the American Schools of Orienal Research ; 40.
AASOR ; 40.

الموضوعات:

الوسوم: إضافة وسم

لا توجد وسوم, كن أول من يضع وسما على هذه التسجيلة!

رقم الطلب: DS101 .A45 v.40

LEADER 00850namaa2200241 4500
001 20978
003 OSt
005 20260219115544.0
008 130303s1972 enka b 000 0 eng d
040 |c ARCE Library 
043 |a a-jo--- 
050 4 |a DS101 .A45 v.40 
100 1 |a Tushingham, A. D.,  |d 1914-2002,  |e author  |9 41349 
245 1 4 |a The excavations at Dibon (Dhĭbân) in Moab :  |b the third campaign 1952-53 /  |c [by] A. D. Tushingham. 
264 1 |a Cambridge :  |b American Schools of Oriental Research,  |c 1972. 
300 |a xiii, 172 pages :  |b illustrations (9 folded in pocket) ;  |c 27 cm. 
490 0 |a Annual of the American Schools of Orienal Research ;   |v 40. 
490 0 |a AASOR ;   |v 40. 
504 |a Includes bibliographical references. 
651 0 |a Dhībân, Jordan  |x Antiquities.  |9 18750 
901 |a reviewed 
942 |c BK  |2 lcc 
999 |c 18317  |d 18317